Анализ эффективности реализации экономико-математических моделей при управлении процессом планирования производственной практики; Кибернетика и вуз; Вып. 15

Bibliografiske detaljer
Parent link:Кибернетика и вуз: межвузовский научно-технический сборник/ Томский политехнический институт.— , 1969-
Вып. 15.— 1980.— С. 29-36
Hovedforfatter: Ямпольский В. З. Владимир Захарович
Andre forfattere: Ходжаев Г. А., Кушнер Л. Ф.
Sprog:russisk
Udgivet: 1980
Fag:
Format: MixedMaterials Book Chapter
KOHA link:https://koha.lib.tpu.ru/cgi-bin/koha/opac-detail.pl?biblionumber=188306

MARC

LEADER 00000naa2a2200000 4500
001 188306
005 20231031174941.0
035 |a (RuTPU)RU\TPU\book\204542 
090 |a 188306 
100 |a 20101207d1980 k y0rusy50 ca 
101 0 |a rus 
102 |a RU 
200 1 |a Анализ эффективности реализации экономико-математических моделей при управлении процессом планирования производственной практики  |f В. З. Ямпольский, Г. А. Ходжаев, Л. Ф. Кушнер 
320 |a Библиогр.: 3 назв. 
461 1 |0 (RuTPU)RU\TPU\book\139782  |t Кибернетика и вуз  |o межвузовский научно-технический сборник  |f Томский политехнический институт  |d 1969- 
463 0 |0 (RuTPU)RU\TPU\book\119524  |t Вып. 15  |f под ред. В. З. Ямпольского  |v С. 29-36  |d 1980  |p 180 с. 
610 1 |a труды учёных ТПУ 
686 |a Ч484  |2 rubbk 
700 1 |a Ямпольский  |b В. З.  |c директор института "Кибернетический центр" Томского политехнического университета  |f 1938-  |g Владимир Захарович  |2 stltpush  |3 (RuTPU)RU\TPU\pers\12100 
701 1 |a Ходжаев  |b Г. А. 
701 1 |a Кушнер  |b Л. Ф. 
801 1 |a RU  |b 63413507  |c 20101207 
801 2 |a RU  |b 63413507  |c 20130524  |g RCR 
942 |c BK